| 000 | 00476nam a2200133Ia 4500 | ||
|---|---|---|---|
| 008 | 190723s9999 xx 000 0 und d | ||
| 020 | _a9781684032297 | ||
| 100 | _aAbblett, Mitch R. | ||
| 245 |
_cMitch R. Abblett _aFrom anger to action: _bpowerful mindfulness tools to help teens harness anger for positive change/ |
||
| 260 |
_aCalifornia: _bNew Harbinger Publications, Inc. _c2019 |
||
| 300 |
_aviii, 152 p. : _c200 cm. |
||
| 650 | _aanger management | ||
| 650 | _aMindfulness | ||
| 999 |
_c362014 _d362014 |
||